<?xml version="1.0" encoding="UTF-8"?>
<marc:record xmlns:marc="http://www.loc.gov/MARC21/slim">
   <marc:leader>00000nam a2200000 a 4500</marc:leader>
   <marc:datafield ind1="1" ind2=" " tag="100">
      <marc:subfield code="a">Boie, Kirsten</marc:subfield>
      <marc:subfield code="4">aut</marc:subfield>
      <marc:subfield code="e">Verfasser/-in</marc:subfield>
   </marc:datafield>
   <marc:datafield ind1="0" ind2="0" tag="245">
      <marc:subfield code="a">Es gibt Dinge, die kann man nicht erzählen</marc:subfield>
   </marc:datafield>
   <marc:datafield ind1="0" ind2="0" tag="245">
      <marc:subfield code="c">Boie, Kirsten</marc:subfield>
   </marc:datafield>
   <marc:datafield ind1=" " ind2="1" tag="264">
      <marc:subfield code="a">Hamburg</marc:subfield>
      <marc:subfield code="b">Oetinger</marc:subfield>
      <marc:subfield code="c">2013</marc:subfield>
   </marc:datafield>
   <marc:datafield ind1="1" ind2=" " tag="520">
      <marc:subfield code="a">Poetisch, erschütternd und berührend: Kirsten Boies Afrika. Lungiles kleine Schwester Jabu braucht neue Schuhe, damit sie weiter die Schule besuchen darf. Da niemand Lungiles geflochtene Matten kaufen will, verkauft sie ihren Körper. Thulani spricht manchmal nachts mit seiner Mutter, die neben der Hütte begraben ist. Er könnte eigentlich zur Schule gehen, da Waisen kein Schulgeld bezahlen müssen. Aber niemand hilft ihm, den Totenschein zu besorgen. Kirsten Boie erzählt vier Geschichten von Kindern in Afrika, die viel zu schnell erwachsen werden. Ein wunderbar poetisches und dichtes Buch von berührender Schönheit, literarisch und sehr persönlich. Mit einem Nachwort der Autorin und wunderschönen Tafelbildern von Regina Kehn. (Verlagstext)</marc:subfield>
   </marc:datafield>
   <marc:datafield ind1=" " ind2=" " tag="020">
      <marc:subfield code="a">9783789120190</marc:subfield>
      <marc:subfield code="9">9783789120190</marc:subfield>
   </marc:datafield>
   <marc:datafield ind1=" " ind2=" " tag="020">
      <marc:subfield code="a">3789120197</marc:subfield>
      <marc:subfield code="9">3789120197</marc:subfield>
   </marc:datafield>
   <marc:datafield ind1=" " ind2=" " tag="041">
      <marc:subfield code="a">ger</marc:subfield>
   </marc:datafield>
   <marc:datafield ind1=" " ind2=" " tag="338">
      <marc:subfield code="a">Band</marc:subfield>
   </marc:datafield>
   <marc:datafield ind1=" " ind2=" " tag="300">
      <marc:subfield code="a">112 S.</marc:subfield>
   </marc:datafield>
</marc:record>
